Zoological philosophy : An exposition with regard to the natural history of animals
Na minha lista:
| Autor principal: | |
|---|---|
| Formato: | Livro |
| Idioma: | Undetermined |
| Publicado em: |
New York
Hafner Publishing
1963
|
| Assuntos: | |
| Tags: |
Adicionar Tag
Sem tags, seja o primeiro a adicionar uma tag!
|
| Thư viện lưu trữ: | Trung tâm Học liệu Trường Đại học Cần Thơ |
|---|
| LEADER | 00585nam a2200193Ia 4500 | ||
|---|---|---|---|
| 001 | CTU_168061 | ||
| 008 | 210402s9999 xx 000 0 und d | ||
| 082 | |a 590.01 | ||
| 082 | |b L215 | ||
| 100 | |a Lamarck, J. B. | ||
| 245 | 0 | |a Zoological philosophy : | |
| 245 | 3 | |b An exposition with regard to the natural history of animals | |
| 245 | 0 | |c J. B. Lamarck | |
| 260 | |a New York | ||
| 260 | |b Hafner Publishing | ||
| 260 | |c 1963 | ||
| 650 | |a Animals,Zoology,Động vật,Động vật học | ||
| 910 | |a Nguyên | ||
| 980 | |a Trung tâm Học liệu Trường Đại học Cần Thơ | ||